LEADER 05411oam 22008054a 450 001 9911072416503321 005 20210209184545.0 010 $a9782760521100 010 $a2760521109 010 $a9781441600608 010 $a1441600604 035 $a(CKB)1000000000720261 035 $a(EBL)600057 035 $a(OCoLC)689996599 035 $a(SSID)ssj0000331568 035 $a(PQKBManifestationID)11240809 035 $a(PQKBTitleCode)TC0000331568 035 $a(PQKBWorkID)10331649 035 $a(PQKB)11472381 035 $a(CaBNvSL)thg00603940 035 $a(MiAaPQ)EBC3257515 035 $a(OCoLC)417074536 035 $a(MdBmJHUP)muse20531 035 $a(MiAaPQ)EBC600057 035 $a(Au-PeEL)EBL600057 035 $a(CaPaEBR)ebr11337387 035 $a(CaONFJC)MIL936098 035 $a(NjHacI)991000000000720261 035 $a(VaAlCD)20.500.12592/drws6t 035 $a(schport)gibson_crkn/2009-12-01/8/422617 035 $a(Perlego)2706122 035 $a(EXLCZ)991000000000720261 100 $a19960308d1995 uy 0 101 0 $afre 135 $aur|n|---||||| 181 $ctxt 182 $cc 183 $acr 200 04$aLes autoroutes de l'information $eUn produit de la convergence /$fsous la direction de Jean-Guy Lacroix et Gae?tan Tremblay 205 $a1st ed. 210 $aSainte-Foy [Que.] $cPresses de l'Universite? du Que?bec$d1995 215 $a1 online resource (570 p.) 225 1 $aCommunication, culture et socie?t 300 $aTextes pre?sente?s lors d'un symposium tenu a? l'Universite? du Que?bec a? Montre?al, du 29 sept. au 1er oct. 1994. 311 08$a9782760508064 311 08$a2760508064 320 $aComprend des re?f. bibliogr. 327 $aLES AUTOROUTES DE L'INFORMATION_UN PRODUIT DE LA CONVERGENCE; Table des matie?res; Pre?sentation; Se?ance d'ouverture_Autoroutes e?lectroniques : direction XXIe sie?cle; Partie 1_L'incidence des politiques de communication et de la re?glementation; Les conseils re?gionaux : des vecteurs d'insertion et de le?gitimation des NTIC ?; Economic, Institutional and Cultural Barriers to Convergence; Les nouvelles technologies d'information au Mexique; L'introduction de la te?le?vision nume?rique en Europe; A? propos de la convergence : la place des collectivite?s locales. 327 $aFe?de?ralisation de l'E?tat belge et politique de te?le?communicationTable ronde 1_Re?glementation, de?re?glementation et autoroutes e?lectroniques; Partie 2_Les structures industrielles et les strate?gies d'acteurs; Un bilan des multime?dias : les cas de l'Espagne et de la Catalogne; La convergence, les re?seaux-marche? et l'e?conomie des industries de l'e?dition; Le choix d'un syste?me d'information e?lectronique.; Table ronde 2_La convergence techno-e?conomique dans le domaine de l'information-communication : qui propose quoi, a? quel cou?t et a? quel prix ? 327 $aPartie 3_L'effet de l'implantation des NTIC sur l'organisation du travail et la formation de la main-d'?uvreL'autoroute e?lectronique : enjeu social; Processus artistique et techniques de communication; Former les e?diteurs multime?dias, ou les chausse-trappes pe?dagogiques de la convergence; Le concept de de?clinaison polyptyque pour la convergence du processus de communication; L'inte?gration des techniques de communication : l'exemple du multime?dia; L'autoroute e?lectronique dans la perspective internationale de l'enseignement a? distance 327 $aPour une e?piste?mologie pragmatique du proble?me de la convergence des syste?mes me?diatechniques de communication a? distancePartie 4_La formation des usages sociaux des NTIC; Premier tour de piste sur l'autoroute e?lectronique; L'e?mergence d'espaces me?diatise?s en formation ou les enjeux de l'inte?gration technologique en te?le?formation; L'implantation de l'autoroute e?lectronique dans la re?gion du Saguenay innovation technologique ou innovation sociale de la recherche ?; L'action dans un cadre sociotechnique; L'influence des pre?conceptions dans le processus d'appropriation des technologies 327 $aLes a?-coups de la convergenceLa convergence des techniques assure-t-elle la convergence sociale ?; Table ronde 3_Usages sociaux et utilite? des nouvelles technologies d'information et de communication; Se?ance de clo?ture_La convergence techno-e?conomique entre l'informatique, les te?le?communications et la ca?blodistribution 330 $aEn 1994, 77 experts et de?cideurs se re?unissent lors du Symposium international sur la convergence des techniques de communication. Ce livre propage les re?flexions des participants afin de soutenir le de?bat sur cette proble?matique d'une porte?e sociale majeure. 410 0$aCommunication, culture et socie?t 606 $aInformation superhighway$vCongresses 606 $aInformation networks$vCongresses 606 $aTelecommunication$vCongresses 608 $aElectronic books. 615 0$aInformation superhighway 615 0$aInformation networks 615 0$aTelecommunication 676 $a380.3 702 $aLacroix$b Jean-Guy 702 $aTremblay$b Gae?tan 801 0$bMdBmJHUP 801 1$bMdBmJHUP 906 $aBOOK 912 $a9911072416503321 996 $aLes autoroutes de l'information$94558706 997 $aUNINA